[Event "Paleochora op 16th"]
[Site "Paleochora"]
[Date "2023.07.23"]
[Round "6"]
[White "Rahman, Ziaur"]
[Black "Drakoulakos, Grigorios"]
[Result "1-0"]
[WhiteElo "2452"]
[BlackElo "2251"]
[PlyCount "85"]
[EventDate "2023.07.19"]
[EventType "swiss"]
[EventRounds "9"]
[EventCountry "GRE"]
[SourceTitle "EXT 2024"]
[Source "ChessBase"]
[SourceDate "2023.10.10"]
[SourceVersion "1"]
[SourceVersionDate "2023.10.10"]
[SourceQuality "1"]

1. d4 Nf6 2. Nf3 g6 3. c4 Bg7 4. g3 0-0 5. Bg2 d6 6. Nc3 Nbd7 7. 0-0 c6 8. e4 e5 9. h3 Qb6 10. c5 dxc5 11. dxe5 Ne8 12. Na4 Qa6 13. Be3 b6 14. e6 fxe6 15. Ng5 Ne5 16. f4 Nc4 17. Bc1 b5 18. Nc3 e5 19. f5 Qb7 20. g4 Qe7 21. Nxb5 h6 22. Nf3 cxb5 23. Qd5+ Kh7 24. Qxa8 Bb7 25. fxg6+ Kg8 26. Qxa7 Nf6 27. b3 Ra8 28. Qxa8+ Bxa8 29. bxc4 Nxe4 30. g5 Ng3 31. gxh6 Nxf1 32. h7+ Kf8 33. Bh6 Ke8 34. Bxg7 Qxg7 35. Rxf1 Be4 36. Nh4 Bxg2 37. Nxg2 e4 38. cxb5 e3 39. b6 Qd4 40. Rf4 Qa1+ 41. Kh2 Qe5 42. b7 e2 43. b8Q+ 1-0

[Event "Paleochora op 16th"]
[Site "Paleochora"]
[Date "2023.07.20"]
[Round "2"]
[White "Banikas, Hristos"]
[Black "Drakoulakos, Grigorios"]
[Result "1-0"]
[WhiteElo "2599"]
[BlackElo "2251"]
[PlyCount "109"]
[EventDate "2023.07.19"]
[EventType "swiss"]
[EventRounds "9"]
[EventCountry "GRE"]
[SourceTitle "EXT 2024"]
[Source "ChessBase"]
[SourceDate "2023.10.10"]
[SourceVersion "1"]
[SourceVersionDate "2023.10.10"]
[SourceQuality "1"]

1. d4 Nf6 2. c4 g6 3. Nc3 Bg7 4. e4 d6 5. Be2 0-0 6. Be3 c5 7. d5 e6 8. Nf3 exd5 9. cxd5 b5 10. e5 Ng4 11. Bg5 f6 12. exf6 Bxf6 13. Bxf6 Qxf6 14. Nxb5 Nd7 15. 0-0 Rb8 16. b3 Nde5 17. Nxe5 Qxe5 18. Bxg4 Bxg4 19. Qxg4 Rxb5 20. Rad1 Rb4 21. Qe6+ Qxe6 22. dxe6 Rb6 23. Rfe1 Re8 24. Rd3 Kf8 25. Rf3+ Kg8 26. g3 a5 27. e7 Rb7 28. Rd3 Rbxe7 29. Rxe7 Rxe7 30. Rxd6 Re2 31. a4 c4 32. bxc4 Ra2 33. Rd8+ Kg7 34. Rd7+ Kh6 35. h4 Rxa4 36. Rc7 g5 37. Rc6+ Kh5 38. Rc5 h6 39. Kg2 Ra2 40. Kf3 Rc2 41. Ke3 Kg4 42. hxg5 hxg5 43. f3+ Kxg3 44. Rxg5+ Kh4 45. Rg4+ Kh5 46. Kd3 Rf2 47. Rg1 Rxf3+ 48. Ke4 Rf8 49. c5 a4 50. c6 a3 51. Ra1 Kg5 52. Rxa3 Rc8 53. Kd5 Kf6 54. Rf3+ Ke7 55. Re3+ 1-0

[Event "Budapest FS12 IM"]
[Site "Budapest"]
[Date "2022.12.10"]
[Round "7"]
[White "Sahithi Varshini, M."]
[Black "Drakoulakos, Grigorios"]
[Result "1-0"]
[WhiteElo "2187"]
[BlackElo "2259"]
[PlyCount "127"]
[EventDate "2022.12.03"]
[EventType "tourn"]
[EventRounds "9"]
[EventCountry "HUN"]
[EventCategory "2"]
[SourceTitle "CBM 212 Extra"]
[Source "ChessBase"]
[SourceDate "2023.03.31"]
[SourceVersion "1"]
[SourceVersionDate "2023.03.31"]
[SourceQuality "1"]

1. e4 e5 2. Nf3 Nf6 3. Nxe5 d6 4. Nf3 Nxe4 5. d4 d5 6. Bd3 Bd6 7. 0-0 0-0 8. c4 c6 9. h3 Bf5 10. Nc3 Bg6 11. a3 Nd7 12. Re1 Re8 13. Bxe4 dxe4 14. Nd2 Qh4 15. Qg4 Qe7 16. h4 Nf6 17. Qh3 Qd7 18. Qxd7 Nxd7 19. c5 Bc7 20. Nf1 Nf6 21. Bg5 Ng4 22. Ne3 h6 23. Nxg4 hxg5 24. hxg5 Rad8 25. Ne5 Bxe5 26. dxe5 Rxe5 27. f4 Rxc5 28. g4 f5 29. gxf6 gxf6 30. f5 Bf7 31. Re2 Kg7 32. Nxe4 Re5 33. Rae1 Rd4 34. Nf2 Rxe2 35. Rxe2 a5 36. Kh2 a4 37. Kg3 c5 38. Kh4 b6 39. Re7 Kf8 40. Rb7 Rd2 41. Ne4 Rh2+ 42. Kg3 Rxb2 43. Nxf6 c4 44. g5 Rb1 45. Kf4 Rf1+ 46. Ke5 Re1+ 47. Ne4 Be8 48. Rb8 c3 49. Rc8 b5 50. Rxc3 b4 51. axb4 a3 52. Rxa3 Bc6 53. Kf6 Bxe4 54. Ra5 Rc1 55. Rc5 Rxc5 56. bxc5 Ke8 57. g6 Kf8 58. Kg5 Ke7 59. f6+ Ke6 60. f7 Ke7 61. Kh6 Kf8 62. Kh7 Bd5 63. g7+ Kxf7 64. g8Q+ 1-0

[Event "Budapest FS12 IM"]
[Site "Budapest"]
[Date "2022.12.09"]
[Round "6"]
[White "Drakoulakos, Grigorios"]
[Black "Varga, Csaba Zoltan"]
[Result "1-0"]
[WhiteElo "2259"]
[BlackElo "2347"]
[PlyCount "110"]
[EventDate "2022.12.03"]
[EventType "tourn"]
[EventRounds "9"]
[EventCountry "HUN"]
[EventCategory "2"]
[SourceTitle "CBM 212 Extra"]
[Source "ChessBase"]
[SourceDate "2023.03.31"]
[SourceVersion "1"]
[SourceVersionDate "2023.03.31"]
[SourceQuality "1"]

1. Nf3 Nf6 2. g3 g6 3. Bg2 Bg7 4. 0-0 0-0 5. d3 Nc6 6. d4 d6 7. d5 Ne5 8. Nxe5 dxe5 9. c4 e6 10. e4 b6 11. Nc3 Ba6 12. b3 exd5 13. exd5 Ne8 14. Ne4 Nd6 15. Nxd6 cxd6 16. Bb2 b5 17. cxb5 Bxb5 18. Re1 Rb8 19. Qd2 h5 20. Kh1 h4 21. Rac1 f5 22. f4 hxg3 23. hxg3 Bh6 24. Qf2 Rb7 25. fxe5 Rh7 26. Kg1 f4 27. Bh3 Bd7 28. e6 Be8 29. e7 Rxe7 30. Be6+ Kh7 31. Rc8 fxg3 32. Qd4 Rxe6 33. Rxd8 Rxe1+ 34. Kg2 Re2+ 35. Kxg3 Bf4+ 36. Qxf4 Rxf4 37. Kxf4 Rf2+ 38. Kg5 Rg2+ 39. Kf6 Rxb2 40. Rxe8 Rf2+ 41. Kg5 Rf5+ 42. Kg4 a5 43. a4 Rxd5 44. Rb8 Kh6 45. Rb5 Rc5 46. Rb6 Rc3 47. Rb5 Rc5 48. Rb6 Rg5+ 49. Kf3 d5 50. Rb5 Rf5+ 51. Ke2 g5 52. Rxa5 g4 53. Ra8 d4 54. a5 Kg7 55. Rd8 Rd5 1-0

[Event "Budapest FS12 IM"]
[Site "Budapest"]
[Date "2022.12.06"]
[Round "4"]
[White "Drakoulakos, Grigorios"]
[Black "Paszewski, Mateusz"]
[Result "1-0"]
[WhiteElo "2259"]
[BlackElo "2282"]
[PlyCount "101"]
[EventDate "2022.12.03"]
[EventType "tourn"]
[EventRounds "9"]
[EventCountry "HUN"]
[EventCategory "2"]
[SourceTitle "CBM 212 Extra"]
[Source "ChessBase"]
[SourceDate "2023.03.31"]
[SourceVersion "1"]
[SourceVersionDate "2023.03.31"]
[SourceQuality "1"]

1. e4 c6 2. Nc3 d5 3. Nf3 Bg4 4. h3 Bxf3 5. Qxf3 e6 6. d4 Nf6 7. Bd3 dxe4 8. Nxe4 Qxd4 9. c3 Qd8 10. Bf4 Be7 11. Rd1 Nbd7 12. 0-0 Qa5 13. b4 Qxa2 14. Ra1 Qd5 15. Ra5 c5 16. Rd1 0-0 17. Nxf6+ Nxf6 18. Bxh7+ Kxh7 19. Rxd5 Nxd5 20. bxc5 Nxf4 21. Qxf4 Kg8 22. Qe4 Rac8 23. Rxa7 Rxc5 24. Rxb7 Bf6 25. c4 Rfc8 26. Rb4 g6 27. Ra4 R8c7 28. g3 Kg7 29. Kg2 Rd7 30. Qc2 Rdc7 31. Qd3 R5c6 32. Qb3 Rc5 33. Qb4 Kh7 34. h4 Bd4 35. g4 Kg7 36. Ra8 Kh7 37. g5 Rc8 38. Rxc8 Rxc8 39. Qb7 Rf8 40. h5 e5 41. c5 Bxc5 42. hxg6+ Kg7 43. Qc7 Bd4 44. Qe7 Kg8 45. Qf6 fxg6 46. Qxg6+ Kh8 47. Qh6+ Kg8 48. g6 Rxf2+ 49. Kg3 e4 50. Qh7+ Kf8 51. g7+ 1-0

[Event "GRE-chT 49th"]
[Site "Thessaloniki"]
[Date "2022.08.16"]
[Round "6.3"]
[White "Sidiropoulos, Nikolaos"]
[Black "Drakoulakos, Grigorios"]
[Result "1/2-1/2"]
[WhiteElo "2167"]
[BlackElo "2215"]
[PlyCount "91"]
[EventDate "2022.08.12"]
[EventType "team-swiss"]
[EventRounds "7"]
[EventCountry "GRE"]
[SourceTitle "CBM 209 Extra"]
[Source "ChessBase"]
[SourceDate "2022.09.30"]
[SourceVersion "1"]
[SourceVersionDate "2022.09.30"]
[SourceQuality "1"]
[WhiteTeam "Piraikos"]
[BlackTeam "Ames Neas Erythreas"]
[WhiteTeamCountry "GRE"]
[BlackTeamCountry "GRE"]

1. c4 e5 2. Nc3 Nc6 3. g3 g6 4. Bg2 Bg7 5. d3 d6 6. Nf3 Nf6 7. 0-0 0-0 8. Rb1 Re8 9. b4 e4 10. Nxe4 Nxe4 11. dxe4 Rxe4 12. Nd2 Re8 13. e4 a5 14. b5 Ne5 15. Bb2 Bg4 16. f3 Be6 17. Qc2 c6 18. f4 Ng4 19. Bxg7 Kxg7 20. h3 Nf6 21. bxc6 bxc6 22. f5 gxf5 23. Qc3 d5 24. exf5 d4 25. Qf3 Bd7 26. g4 h6 27. Qf4 a4 28. g5 hxg5 29. Qxg5+ Kh8 30. Qh6+ Nh7 31. Ne4 Rg8 32. Rb7 Be8 33. Rf4 d3 34. Rg4 Rxg4 35. hxg4 Qd4+ 36. Kh1 Qg7 37. Qh4 c5 38. Rb6 f6 39. Nxf6 Rd8 40. Nxh7 Qa1+ 41. Kh2 Qe5+ 42. Kg1 Qe3+ 43. Kh2 Qf4+ 44. Kg1 Qe3+ 45. Kh2 Qf4+ 46. Kg1 1/2-1/2

[Event "GRE-chT 49th"]
[Site "Thessaloniki"]
[Date "2022.08.15"]
[Round "5.4"]
[White "Drakoulakos, Grigorios"]
[Black "Tsarsitalidis, Konstantinos"]
[Result "1-0"]
[WhiteElo "2215"]
[BlackElo "2059"]
[PlyCount "111"]
[EventDate "2022.08.12"]
[EventType "team-swiss"]
[EventRounds "7"]
[EventCountry "GRE"]
[SourceTitle "CBM 209 Extra"]
[Source "ChessBase"]
[SourceDate "2022.09.30"]
[SourceVersion "1"]
[SourceVersionDate "2022.09.30"]
[SourceQuality "1"]
[WhiteTeam "Ames Neas Erythreas"]
[BlackTeam "Thessaloniki ES"]
[WhiteTeamCountry "GRE"]
[BlackTeamCountry "GRE"]

1. Nf3 Nf6 2. c4 g6 3. Nc3 d5 4. cxd5 Nxd5 5. Qa4+ Nc6 6. Ne5 Qd6 7. Nxc6 bxc6 8. Nxd5 Qxd5 9. e4 Qd7 10. d4 Bg7 11. Be3 0-0 12. Be2 Rb8 13. b3 c5 14. Qxd7 Bxd7 15. Rd1 cxd4 16. Bxd4 Bxd4 17. Rxd4 Be6 18. Kd2 c5 19. Ra4 Rb4 20. Rxb4 cxb4 21. Rc1 a5 22. Rc7 Ra8 23. Bb5 Kf8 24. Ke3 f6 25. Bc6 Rd8 26. Ra7 Rd1 27. Rxa5 Re1+ 28. Kd4 Re2 29. Kc5 Rc2+ 30. Kb5 Rxf2 31. Kxb4 Rxg2 32. a4 Rxh2 33. Rc5 Rb2 34. Rc3 h5 35. a5 Bc8 36. Kb5 h4 37. Kb6 h3 38. Bd5 h2 39. Rxc8+ Kg7 40. Rc1 g5 41. e5 Rd2 42. Bc6 Rd3 43. Rb1 Rg3 44. a6 Rg1 45. Rb2 h1Q 46. Bxh1 Rxh1 47. a7 Ra1 48. Kb7 f5 49. a8Q Rxa8 50. Kxa8 f4 51. b4 f3 52. b5 g4 53. Rb4 f2 54. Rxg4+ Kh6 55. Rf4 f1Q 56. Rxf1 1-0

[Event "GRE-chT 49th"]
[Site "Thessaloniki"]
[Date "2022.08.12"]
[Round "1.5"]
[White "Drakoulakos, Grigorios"]
[Black "Poulos, Georgios"]
[Result "1-0"]
[WhiteElo "2215"]
[BlackElo "1864"]
[PlyCount "101"]
[EventDate "2022.08.12"]
[EventType "team-swiss"]
[EventRounds "7"]
[EventCountry "GRE"]
[SourceTitle "CBM 209 Extra"]
[Source "ChessBase"]
[SourceDate "2022.09.30"]
[SourceVersion "1"]
[SourceVersionDate "2022.09.30"]
[SourceQuality "1"]
[WhiteTeam "Ames Neas Erythreas"]
[BlackTeam "Kallithea"]
[WhiteTeamCountry "GRE"]
[BlackTeamCountry "GRE"]

1. e4 c5 2. Nf3 d6 3. d4 Nf6 4. Nc3 cxd4 5. Nxd4 g6 6. Be3 Bg7 7. f3 0-0 8. Qd2 Nc6 9. g4 Be6 10. Nxe6 fxe6 11. 0-0-0 Ne5 12. Be2 Qc8 13. h4 Nfd7 14. f4 Nc4 15. Bxc4 Qxc4 16. e5 Rfd8 17. Qd3 Nb6 18. Bxb6 Qxd3 19. Rxd3 axb6 20. Rhd1 Rdc8 21. exd6 exd6 22. Rxd6 Bxc3 23. bxc3 Rxa2 24. Rd8+ Rxd8 25. Rxd8+ Kf7 26. Rd7+ Kf6 27. Rxh7 Ra4 28. g5+ Kf5 29. Rf7+ Kg4 30. Rf6 Rxf4 31. h5 Ra4 32. hxg6 Ra8 33. Rxe6 Kxg5 34. Rxb6 Rg8 35. Rxb7 Rxg6 36. Rb5+ Kf4 37. Kb2 Ke4 38. Kb3 Rg3 39. Rh5 Rf3 40. Kb4 Rf2 41. c4 Rxc2 42. Kb5 Rb2+ 43. Kc6 Kd4 44. c5 Rg2 45. Kc7 Rg7+ 46. Kb6 Rg1 47. c6 Rb1+ 48. Ka7 Rc1 49. Kb7 Ke4 50. c7 Rb1+ 51. Kc6 1-0

[Event "Nikaia op 28th"]
[Site "Nikaia"]
[Date "2021.08.25"]
[Round "5"]
[White "Kalyva, Kyriaki"]
[Black "Drakoulakos, Grigorios"]
[Result "0-1"]
[WhiteElo "1823"]
[BlackElo "2219"]
[PlyCount "64"]
[EventDate "2021.08.21"]
[EventType "swiss"]
[EventRounds "7"]
[EventCountry "GRE"]
[SourceTitle "CBM 204 Extra"]
[Source "ChessBase"]
[SourceDate "2021.11.30"]
[SourceVersion "1"]
[SourceVersionDate "2021.11.30"]
[SourceQuality "1"]

1. d4 Nf6 2. c4 Nc6 3. Nc3 e5 4. d5 Ne7 5. g3 Ng6 6. Bg2 d6 7. e4 Be7 8. Nge2 0-0 9. 0-0 h6 10. Qc2 Nh7 11. Be3 Bg5 12. f4 exf4 13. gxf4 Bf6 14. Bd4 Re8 15. Rae1 Nh4 16. Bf2 Nf8 17. Nc1 Nfg6 18. Nd3 Nxg2 19. Kxg2 Nh4+ 20. Kh1 Bh3 21. Bxh4 Bxh4 22. e5 Bxe1 23. Rxe1 Qh4 24. Nb5 Bf5 25. Re3 dxe5 26. Nxc7 exf4 27. Rxe8+ Rxe8 28. Nxe8 Be4+ 29. Kg1 Qg4+ 30. Kf1 Qf3+ 31. Ke1 Bxd3 32. Qf2 Qe4+ 0-1

[Event "Nikaia op 28th"]
[Site "Nikaia"]
[Date "2021.08.23"]
[Round "3"]
[White "Tsouptsis, Sotirios"]
[Black "Drakoulakos, Grigorios"]
[Result "0-1"]
[WhiteElo "1875"]
[BlackElo "2219"]
[PlyCount "36"]
[EventDate "2021.08.21"]
[EventType "swiss"]
[EventRounds "7"]
[EventCountry "GRE"]
[SourceTitle "CBM 204 Extra"]
[Source "ChessBase"]
[SourceDate "2021.11.30"]
[SourceVersion "1"]
[SourceVersionDate "2021.11.30"]
[SourceQuality "1"]

1. e4 c5 2. Nf3 e6 3. d4 cxd4 4. Nxd4 Nc6 5. Nc3 Qc7 6. Be3 a6 7. Bd3 b5 8. 0-0 Nf6 9. Re1 Be7 10. Kh1 0-0 11. Qf3 Bb7 12. Qh3 Ne5 13. Bf4 Nxd3 14. Bxc7 Nxf2+ 15. Kg1 Nxh3+ 16. gxh3 b4 17. Na4 Rac8 18. Bg3 Nxe4 0-1

[Event "FIDE World Uni Rapid-E 1st"]
[Site "Tornelo INT"]
[Date "2021.03.21"]
[Round "10"]
[White "Drakoulakos, Grigorios"]
[Black "Fica Cruz, Joaquin"]
[Result "1-0"]
[WhiteElo "2219"]
[BlackElo "1949"]
[PlyCount "93"]
[EventDate "2021.03.20"]
[EventType "swiss (rapid)"]
[EventRounds "12"]
[EventCountry "NET"]
[SourceTitle "EXT 2022"]
[Source "ChessBase"]
[SourceDate "2021.10.06"]
[SourceVersion "1"]
[SourceVersionDate "2021.10.06"]
[SourceQuality "1"]

1. Nf3 Nf6 2. c4 e6 3. g3 b6 4. Bg2 Bb7 5. 0-0 g6 6. b3 Bg7 7. Bb2 0-0 8. d3 d6 9. Nbd2 Nbd7 10. b4 a5 11. b5 Re8 12. Nd4 Bxg2 13. Kxg2 e5 14. Nc6 Qc8 15. e3 Nb8 16. Qf3 Nxc6 17. Qxc6 Qd7 18. Qxd7 Nxd7 19. Rfd1 Nc5 20. Ne4 Rad8 21. Nc3 e4 22. d4 Nd3 23. Ba3 f5 24. Nd5 Rd7 25. Nf4 Nxf4+ 26. gxf4 h6 27. Rac1 Red8 28. Kf1 g5 29. fxg5 hxg5 30. Ke2 Kf7 31. Rg1 Bf6 32. Rc2 Rh8 33. Rg2 Rh3 34. Bb2 Kg6 35. c5 dxc5 36. dxc5 Bxb2 37. Rxb2 Rd5 38. cxb6 cxb6 39. a4 Rc5 40. Rd2 Rc4 41. Rd6+ Kh5 42. Rxb6 Rxa4 43. Rb8 Ra2+ 44. Kd1 g4 45. Rh8+ Kg5 46. Rxh3 Ra1+ 47. Kc2 1-0

[Event "FIDE World Uni Rapid-E 1st"]
[Site "Tornelo INT"]
[Date "2021.03.21"]
[Round "9"]
[White "Reshef, Omer"]
[Black "Drakoulakos, Grigorios"]
[Result "1-0"]
[WhiteElo "2495"]
[BlackElo "2219"]
[PlyCount "75"]
[EventDate "2021.03.20"]
[EventType "swiss (rapid)"]
[EventRounds "12"]
[EventCountry "NET"]
[SourceTitle "EXT 2022"]
[Source "ChessBase"]
[SourceDate "2021.10.06"]
[SourceVersion "1"]
[SourceVersionDate "2021.10.06"]
[SourceQuality "1"]

1. e4 c5 2. Nf3 e6 3. g3 Nc6 4. Bg2 d5 5. exd5 exd5 6. 0-0 Nf6 7. d4 Be7 8. dxc5 0-0 9. a3 Bxc5 10. b4 Bb6 11. Bb2 Bg4 12. h3 Bh5 13. Nc3 a6 14. Ne2 Ne4 15. g4 Bg6 16. Nf4 d4 17. Nxg6 hxg6 18. Qd3 Nc3 19. Bxc3 dxc3 20. Qxc3 Nd4 21. Qd3 Qf6 22. Nxd4 Bxd4 23. Rad1 Rad8 24. Qf3 b6 25. c4 Qxf3 26. Bxf3 Bb2 27. a4 Ba3 28. a5 bxa5 29. bxa5 Rc8 30. Ra1 Bb4 31. Ra4 Rxc4 32. Rb1 Rb8 33. Be2 Rd4 34. Bxa6 Kf8 35. Bf1 Ke7 36. a6 Bc5 37. a7 Bxa7 38. Rxa7+ 1-0

[Event "FIDE World Uni Rapid-E 1st"]
[Site "Tornelo INT"]
[Date "2021.03.20"]
[Round "4"]
[White "Drakoulakos, Grigorios"]
[Black "Taher, Yoseph Theolifus"]
[Result "0-1"]
[WhiteElo "2219"]
[BlackElo "2455"]
[PlyCount "80"]
[EventDate "2021.03.20"]
[EventType "swiss (rapid)"]
[EventRounds "12"]
[EventCountry "NET"]
[SourceTitle "EXT 2022"]
[Source "ChessBase"]
[SourceDate "2021.10.06"]
[SourceVersion "1"]
[SourceVersionDate "2021.10.06"]
[SourceQuality "1"]

1. Nf3 c5 2. c4 g6 3. Nc3 Bg7 4. g3 Nc6 5. Bg2 d6 6. 0-0 Bf5 7. d3 Qd7 8. Re1 h5 9. Rb1 Nh6 10. Bd2 Bh3 11. Bh1 Nf5 12. Nd5 h4 13. Bc3 hxg3 14. hxg3 Bg4 15. Qd2 Nfd4 16. Bxd4 Nxd4 17. Nxd4 Bxd4 18. Bg2 Qf5 19. Ne3 Qg5 20. Nf1 Qh5 21. b4 Bh3 22. Bf3 Bg4 23. Bg2 Kf8 24. bxc5 Kg7 25. cxd6 e5 26. Rxb7 Rad8 27. d7 Bxd7 28. e3 Bh3 29. Qd1 Bxg2 30. Qxh5 Bxb7 31. Qh4 Rxh4 32. gxh4 Bb6 33. Rb1 Bc8 34. Rb3 Bf5 35. e4 Bg4 36. Ne3 Bxe3 37. fxe3 Be2 38. Rb5 Bxd3 39. Rxe5 Bxc4 40. Ra5 a6 0-1

[Event "FIDE World Uni Rapid-E 1st"]
[Site "Tornelo INT"]
[Date "2021.03.20"]
[Round "5"]
[White "Herrera, Diego"]
[Black "Drakoulakos, Grigorios"]
[Result "1/2-1/2"]
[WhiteElo "1832"]
[BlackElo "2219"]
[PlyCount "215"]
[EventDate "2021.03.20"]
[EventType "swiss (rapid)"]
[EventRounds "12"]
[EventCountry "NET"]
[SourceTitle "EXT 2022"]
[Source "ChessBase"]
[SourceDate "2021.10.06"]
[SourceVersion "1"]
[SourceVersionDate "2021.10.06"]
[SourceQuality "1"]

1. e4 c5 2. d4 cxd4 3. c3 Nf6 4. e5 Nd5 5. cxd4 e6 6. Bc4 d6 7. Nf3 Nc6 8. 0-0 Be7 9. Re1 0-0 10. Na3 Bd7 11. Nb5 Na5 12. exd6 Nxc4 13. dxe7 Qxe7 14. Qb3 Qb4 15. Nc3 Na5 16. Qxb4 Nxb4 17. Re2 Rfd8 18. Bf4 Bc6 19. Bc7 Bxf3 20. gxf3 Nac6 21. Bxd8 Rxd8 22. a3 Na6 23. d5 Nd4 24. Re3 Nc2 25. Rae1 Nxe1 26. Rxe1 Nc7 27. dxe6 Nxe6 28. Rd1 Rxd1+ 29. Nxd1 Nd4 30. Kg2 Kf8 31. Kg3 Ke7 32. Kf4 Ne6+ 33. Ke5 f6+ 34. Kd5 Nc7+ 35. Ke4 Ke6 36. f4 f5+ 37. Kd4 Nd5 38. Ne3 Nxf4 39. Nc4 b6 40. a4 Nd5 41. a5 g5 42. axb6 axb6 43. Ne5 Ne7 44. b4 g4 45. b5 h5 46. Nc4 Nc8 47. Ke3 Kd5 48. Nd2 Nd6 49. Kf4 h4 50. Nf1 Ke6 51. Ne3 h3 52. Kg5 Ke5 53. Kh4 Kf4 54. Nd5+ Kf3 55. Nxb6 Kxf2 56. Nd5 Kg2 57. b6 Kxh2 58. Ne3 Kg1 59. Nxf5 Nxf5+ 60. Kxg4 h2 61. b7 h1Q 62. b8Q Qe4+ 63. Qf4 Ne3+ 64. Kg5 Qg2+ 65. Kh6 Ng4+ 66. Kh7 Qh3+ 67. Kg6 Kg2 68. Qe4+ Kf2 69. Qd4+ Ne3 70. Qf6+ Kg3 71. Qg5+ Kf3 72. Qf6+ Ke4 73. Qc6+ Nd5 74. Qc4+ Ke5 75. Qe2+ Kd6 76. Qa6+ Kd7 77. Qb7+ Nc7 78. Qe4 Qh8 79. Qf5+ Ne6 80. Qf7+ Kd6 81. Qf6 Qg8+ 82. Kf5 Qh7+ 83. Qg6 Qh3+ 84. Ke4 Qf1 85. Qg3+ Ke7 86. Qa3+ Ke8 87. Qa8+ Kf7 88. Qb7+ Kf6 89. Qb2+ Kg6 90. Qb6 Qe2+ 91. Kd5 Kf6 92. Qd6 Qd3+ 93. Kc6 Qa6+ 94. Kd5 Qb5+ 95. Ke4 Qg5 96. Kd3 Qh5 97. Qb6 Qd1+ 98. Ke4 Qe2+ 99. Kd5 Qd3+ 100. Kc6 Ke7 101. Qb7+ Ke8 102. Qb8+ Nd8+ 103. Kc5 Ke7 104. Qe5+ Ne6+ 105. Kc6 Qa6+ 106. Kd5 Qb5+ 107. Ke4 Qxe5+ 108. Kxe5 1/2-1/2

[Event "FIDE World Uni Blitz-B 1st"]
[Site "Tornelo INT"]
[Date "2021.03.13"]
[Round "10.10"]
[White "Drakoulakos, Grigorios"]
[Black "Osmak, Iulija"]
[Result "1-0"]
[WhiteElo "2219"]
[BlackElo "2428"]
[PlyCount "83"]
[EventDate "2021.03.13"]
[EventType "swiss (blitz)"]
[EventRounds "10"]
[EventCountry "NET"]
[SourceTitle "EXT 2022"]
[Source "ChessBase"]
[SourceDate "2021.10.06"]
[SourceVersion "1"]
[SourceVersionDate "2021.10.06"]
[SourceQuality "1"]

1. Nf3 d5 2. c4 e6 3. g3 Nf6 4. Bg2 Be7 5. 0-0 0-0 6. d4 c6 7. Qc2 Ne4 8. b3 Nd7 9. Nbd2 f5 10. Bb2 a5 11. a3 Bd6 12. Ne1 Ndf6 13. Nd3 Nxd2 14. Qxd2 Ne4 15. Qc2 Bd7 16. Bc1 Qf6 17. Qb2 Be8 18. Ne5 Bxe5 19. dxe5 Qe7 20. Be3 Bh5 21. f3 Nc5 22. b4 Nd7 23. Rfd1 axb4 24. axb4 dxc4 25. Rxa8 Rxa8 26. Qd4 Be8 27. Qxc4 Nxe5 28. Qc3 Nd7 29. h4 e5 30. Bh3 Qf7 31. Qd3 f4 32. Bf2 fxg3 33. Bxg3 Nf6 34. Bxe5 Nd5 35. Kh2 Qe7 36. Bg3 Bg6 37. e4 Nf6 38. Rd2 Nh5 39. Qd6 Qf7 40. Be6 Nxg3 41. Kxg3 Rd8 42. Qxd8# 1-0

[Event "FIDE World Uni Blitz-B 1st"]
[Site "Tornelo INT"]
[Date "2021.03.13"]
[Round "8.27"]
[White "Drakoulakos, Grigorios"]
[Black "Vleming, Stefan"]
[Result "1-0"]
[WhiteElo "2219"]
[BlackElo "1836"]
[PlyCount "47"]
[EventDate "2021.03.13"]
[EventType "swiss (blitz)"]
[EventRounds "10"]
[EventCountry "NET"]
[SourceTitle "EXT 2022"]
[Source "ChessBase"]
[SourceDate "2021.10.06"]
[SourceVersion "1"]
[SourceVersionDate "2021.10.06"]
[SourceQuality "1"]

1. Nf3 d5 2. c4 Nf6 3. cxd5 Nxd5 4. g3 e6 5. Bg2 Bd6 6. 0-0 0-0 7. d4 b6 8. e4 Nb4 9. a3 N4c6 10. e5 Be7 11. Nc3 Bb7 12. Bf4 Nd7 13. Qe2 Ncb8 14. Rfd1 c5 15. d5 exd5 16. Nxd5 Na6 17. e6 fxe6 18. Qxe6+ Rf7 19. Bf1 Qe8 20. Bxa6 Bxa6 21. Nc7 Nf8 22. Qe4 Qc8 23. Qxa8 Qxc7 24. Bxc7 1-0

[Event "FIDE World Uni Blitz-B 1st"]
[Site "Tornelo INT"]
[Date "2021.03.13"]
[Round "5.27"]
[White "Ghevondyan, Arman"]
[Black "Drakoulakos, Grigorios"]
[Result "1/2-1/2"]
[WhiteElo "1895"]
[BlackElo "2219"]
[PlyCount "237"]
[EventDate "2021.03.13"]
[EventType "swiss (blitz)"]
[EventRounds "10"]
[EventCountry "NET"]
[SourceTitle "EXT 2022"]
[Source "ChessBase"]
[SourceDate "2021.10.06"]
[SourceVersion "1"]
[SourceVersionDate "2021.10.06"]
[SourceQuality "1"]

1. Nf3 Nf6 2. g3 g6 3. b3 Bg7 4. Bb2 c5 5. Bg2 0-0 6. 0-0 Nc6 7. d4 cxd4 8. Nxd4 a6 9. c4 Qc7 10. Nc3 d6 11. Rc1 Nxd4 12. Qxd4 Be6 13. Rfd1 Rfc8 14. Qd2 Rab8 15. Nd5 Bxd5 16. Bxd5 Nxd5 17. cxd5 Qd7 18. Bxg7 Kxg7 19. Qd4+ Kg8 20. h4 e5 21. dxe6 Qxe6 22. e3 Rd8 23. Rc7 h5 24. Qf4 d5 25. Rd4 Rdc8 26. Kg2 Kg7 27. Rb4 b5 28. Rd4 Rxc7 29. Qxc7 Rc8 30. Qb7 Rc2 31. Qxd5 Qxe3 32. Rf4 Qe7 33. a4 bxa4 34. bxa4 Rc7 35. a5 Rb7 36. Qd4+ Kh7 37. Re4 Qd7 38. Qc4 Rb5 39. Rf4 Kg8 40. Qc3 Qb7+ 41. Kh2 Rb1 42. Rf3 Qd7 43. Qf6 Rb5 44. Qxa6 Re5 45. Qf6 Rxa5 46. Qc3 Ra8 47. Rd3 Qe7 48. Qd2 Re8 49. Rf3 Qe6 50. Qf4 Qe7 51. Re3 Qd7 52. Rf3 Qe7 53. Re3 Qd7 54. Rf3 Qe6 55. Qf6 Qxf6 56. Rxf6 Kg7 57. Rf4 Re2 58. Kg2 f5 59. Rb4 Kf6 60. Rb6+ Kf7 61. Kf3 Rc2 62. Ke3 Rc4 63. f3 f4+ 64. gxf4 Rc1 65. f5 gxf5 66. Kf4 Rh1 67. Kg5 f4 68. Rf6+ Kg7 69. Rxf4 Ra1 70. Kxh5 Ra5+ 71. Kg4 Kg6 72. Rc4 Ra1 73. Rc6+ Kg7 74. f4 Rg1+ 75. Kf5 Rh1 76. Kg5 Rg1+ 77. Kh5 Rf1 78. Rg6+ Kf7 79. Rg4 Kf6 80. Kh6 Kf5 81. Rg8 Rh1 82. h5 Kxf4 83. Rg2 Kf5 84. Rf2+ Ke6 85. Kg7 Rg1+ 86. Kh7 Ke7 87. h6 Ke8 88. Kh8 Ke7 89. Rf4 Rg2 90. Rb4 Kf7 91. Rb7+ Kf6 92. Rg7 Rc2 93. h7 Rh2 94. Rb7 Rg2 95. Rb6+ Kf7 96. Rb7+ Kf8 97. Rb8+ Kf7 98. Rg8 Rh2 99. Rg3 Rh1 100. Rf3+ Ke7 101. Rf4 Rh2 102. Rf5 Rg2 103. Rf3 Rg1 104. Rf2 Rg3 105. Rf5 Rg1 106. Ra5 Rg2 107. Ra7+ Kf8 108. Ra8+ Kf7 109. Rg8 Rh2 110. Rg7+ Kf8 111. Rg4 Kf7 112. Rf4+ Ke7 113. Kg7 Rg2+ 114. Kh8 Ke8 115. Rf5 Ke7 116. Ra5 Kf7 117. Rb5 Kf8 118. Rb8+ Kf7 119. Rg8 1/2-1/2

[Event "Athens ChessSquare op"]
[Site "Athens"]
[Date "2019.11.09"]
[Round "1"]
[White "Boulamatsis, Konstantinos"]
[Black "Drakoulakos, Grigorios"]
[Result "0-1"]
[WhiteElo "1365"]
[BlackElo "2202"]
[PlyCount "68"]
[EventDate "2019.11.09"]
[EventType "swiss"]
[EventRounds "7"]
[EventCountry "GRE"]
[SourceTitle "EXT 2024"]
[Source "ChessBase"]
[SourceDate "2023.10.10"]
[SourceVersion "1"]
[SourceVersionDate "2023.10.10"]
[SourceQuality "1"]

1. e4 c5 2. Nc3 Nc6 3. g3 g6 4. Bg2 Bg7 5. d3 Rb8 6. a4 a6 7. Nge2 b5 8. axb5 axb5 9. 0-0 b4 10. Nd5 e6 11. Ne3 Bb7 12. f4 Nd4 13. e5 Bxg2 14. Kxg2 d5 15. c3 bxc3 16. bxc3 Nxe2 17. Qxe2 Ne7 18. Ba3 d4 19. cxd4 cxd4 20. Nc4 0-0 21. Nd6 Qd7 22. Ne4 Rfc8 23. Nf6+ Bxf6 24. exf6 Nd5 25. Kg1 Nxf6 26. Qe5 Ng4 27. Qg5 Ne3 28. Rf2 Ra8 29. h4 Qb7 30. h5 Rxa3 31. Re1 Qb4 32. Rfe2 Ra5 33. Qf6 Rf5 34. Qh4 Rxh5 0-1